000 00504nam a2200157Ia 4500
008 191206s9999 xx 000 0 und d
020 _a0192819909 (pbk.) :
090 _aQL750.3O94
245 0 _aOxford companion to animal behaviour
250 _aRepr. with corrections and a new index.
260 _aOxford University Press
260 _bOxford paperback reference
260 _cc1987
300 _a"viii, 685 p. : ill. ; 24 cm."
999 _c16635
_d16635